<?xml version='1.0' encoding='UTF-8'?>
  <record xmlns="http://www.loc.gov/MARC21/slim">
    <leader>00000cam a2200000Ma 4500</leader>
    <controlfield tag="001">ocn122923003</controlfield>
    <controlfield tag="003">OCoLC</controlfield>
    <controlfield tag="005">20250913201709.0</controlfield>
    <controlfield tag="008">050621s1521    it            000 0 hebrd</controlfield>
    <datafield tag="040" ind1=" " ind2=" ">
      <subfield code="a">MH</subfield>
      <subfield code="b">eng</subfield>
      <subfield code="c">EQO</subfield>
      <subfield code="d">OCLCG</subfield>
      <subfield code="d">OCLCQ</subfield>
      <subfield code="d">OCLCA</subfield>
      <subfield code="d">OCLCQ</subfield>
      <subfield code="d">OCLCA</subfield>
      <subfield code="d">WTU</subfield>
      <subfield code="d">OCLCO</subfield>
      <subfield code="d">WTU</subfield>
      <subfield code="d">OCLCF</subfield>
      <subfield code="d">OCLCA</subfield>
      <subfield code="d">QGJ</subfield>
      <subfield code="d">OCLCO</subfield>
      <subfield code="d">OCLCL</subfield>
      <subfield code="d">WTU</subfield>
      <subfield code="d">OCLCO</subfield>
    </datafield>
    <datafield tag="066" ind1=" " ind2=" ">
      <subfield code="c">(2</subfield>
    </datafield>
    <datafield tag="035" ind1=" " ind2=" ">
      <subfield code="a">(OCoLC)122923003</subfield>
    </datafield>
    <datafield tag="050" ind1="0" ind2="4">
      <subfield code="a">BS715</subfield>
      <subfield code="b">1521</subfield>
    </datafield>
    <datafield tag="130" ind1="0" ind2=" ">
      <subfield code="6">880-01</subfield>
      <subfield code="a">Bible.</subfield>
      <subfield code="p">Old Testament.</subfield>
      <subfield code="l">Hebrew.</subfield>
      <subfield code="f">1521.</subfield>
    </datafield>
    <datafield tag="245" ind1="1" ind2="0">
      <subfield code="6">880-02</subfield>
      <subfield code="a">Ḥamishah ḥumshe Torah :</subfield>
      <subfield code="b">[Neviʼim Rishonim, Neviʼim Aḥaronim, Ketuvim].</subfield>
    </datafield>
    <datafield tag="246" ind1="1" ind2=" ">
      <subfield code="i">Also known as:</subfield>
      <subfield code="a">Biblia Hebraica Bombergii</subfield>
    </datafield>
    <datafield tag="246" ind1="1" ind2=" ">
      <subfield code="i">Also known as:</subfield>
      <subfield code="a">Bomberg Bible, 1521</subfield>
    </datafield>
    <datafield tag="246" ind1="1" ind2=" ">
      <subfield code="i">Half-title:</subfield>
      <subfield code="a">Arbaʻah neviʼim aḥaronim</subfield>
    </datafield>
    <datafield tag="250" ind1=" " ind2=" ">
      <subfield code="6">880-03</subfield>
      <subfield code="a">Nidpas shenit; [2nd quarto ed.].</subfield>
    </datafield>
    <datafield tag="260" ind1=" " ind2=" ">
      <subfield code="6">880-04</subfield>
      <subfield code="a">Ṿenetsiʼah :</subfield>
      <subfield code="b">Daniyel Bombergi,</subfield>
      <subfield code="c">281 [1521]</subfield>
    </datafield>
    <datafield tag="300" ind1=" " ind2=" ">
      <subfield code="a">volumes (528 [1] leaves) ;</subfield>
      <subfield code="c">22 cm (4°)</subfield>
    </datafield>
    <datafield tag="336" ind1=" " ind2=" ">
      <subfield code="a">text</subfield>
      <subfield code="b">txt</subfield>
      <subfield code="2">rdacontent</subfield>
    </datafield>
    <datafield tag="337" ind1=" " ind2=" ">
      <subfield code="a">unmediated</subfield>
      <subfield code="b">n</subfield>
      <subfield code="2">rdamedia</subfield>
    </datafield>
    <datafield tag="338" ind1=" " ind2=" ">
      <subfield code="a">volume</subfield>
      <subfield code="b">nc</subfield>
      <subfield code="2">rdacarrier</subfield>
    </datafield>
    <datafield tag="500" ind1=" " ind2=" ">
      <subfield code="a">Signatures in Arabic and Roman numerals: 1-17⁸ (1₁ verso blank) 18⁴ (18₄ blank, included in foliation) 19⁸ 20¹⁰ (20₁₀ verso blank) 21-34⁸ (21₁ verso blank) 35⁶ (35₆ verso blank) 36-49⁸ (36₁ verso blank) 50¹⁰ (50₁₀ verso blank) 51-54⁸ (51₁ verso blank) 55⁴ 56-57⁸ 58¹⁰ (58₁₀ blank, included in foliation) 59-66⁸ 67⁶ (67₆ blank).</subfield>
    </datafield>
    <datafield tag="500" ind1=" " ind2=" ">
      <subfield code="a">"Arbaʻah neviʼim aḥaronim"--Half title.</subfield>
    </datafield>
    <datafield tag="500" ind1=" " ind2=" ">
      <subfield code="a">End of printing: "Nidpas shenit ʻim rav ha-ʻiyun ʻal yede ha-aḥim bene Barukh Adel Ḳind be-ḥodesh Elul 281[Aug./Sept. 1521] be-shem Daniyel Bombergi ube-veto"--Verso of last fol.</subfield>
    </datafield>
    <datafield tag="500" ind1=" " ind2=" ">
      <subfield code="a">"Ṿe-khen ha-shem yizkenu lehashlim kol ha-Talmud ṿe-gam Sefer ha-Alfasi ha-gadol kefi retson adonenu Daniyel ha-n.l. she-ʻad ha-yom ha-zeh aśinu ḥameshet ṿe-eśrim masekhtot meha-Talmud u-shenayim aśarah [sic] ḳunṭresi.[m] mi-Sefer Rav Alfas"--Verso of last fol.</subfield>
    </datafield>
    <datafield tag="500" ind1=" " ind2=" ">
      <subfield code="a">The name of Felix Pratensis disappears from this edition and the brothers Adelkind appear in the colophon.</subfield>
    </datafield>
    <datafield tag="500" ind1=" " ind2=" ">
      <subfield code="a">With the exception of the Psalter, which is in double columns in this edition, each page begins and ends with the same word as the first edition.</subfield>
    </datafield>
    <datafield tag="500" ind1=" " ind2=" ">
      <subfield code="a">Most important difference between the two editions is the marginal readings.</subfield>
    </datafield>
    <datafield tag="510" ind1="4" ind2=" ">
      <subfield code="a">Darlow &amp; Moule,</subfield>
      <subfield code="c">5084</subfield>
    </datafield>
    <datafield tag="510" ind1="4" ind2=" ">
      <subfield code="a">Ginsburg Introduction to the Massoretico-critical edition of the Hebrew Bible,</subfield>
      <subfield code="c">p. 952-956</subfield>
    </datafield>
    <datafield tag="510" ind1="4" ind2=" ">
      <subfield code="a">Steinschneider, M. Cat. librorum hebraeorum,</subfield>
      <subfield code="c">9, 39</subfield>
    </datafield>
    <datafield tag="510" ind1="4" ind2=" ">
      <subfield code="a">Cowley,</subfield>
      <subfield code="c">76</subfield>
    </datafield>
    <datafield tag="510" ind1="4" ind2=" ">
      <subfield code="a">Habermann Bomberg,</subfield>
      <subfield code="c">67</subfield>
    </datafield>
    <datafield tag="510" ind1="4" ind2=" ">
      <subfield code="a">Mehlmann/Yudlov Ginze,</subfield>
      <subfield code="c">27</subfield>
    </datafield>
    <datafield tag="510" ind1="4" ind2=" ">
      <subfield code="a">Vinograd Venice,</subfield>
      <subfield code="c">58</subfield>
    </datafield>
    <datafield tag="630" ind1="0" ind2="0">
      <subfield code="6">880-05</subfield>
      <subfield code="a">Bible.</subfield>
      <subfield code="p">Old Testament</subfield>
      <subfield code="v">Commentaries</subfield>
      <subfield code="v">Early works to 1800.</subfield>
    </datafield>
    <datafield tag="630" ind1="0" ind2="7">
      <subfield code="a">Bible.</subfield>
      <subfield code="p">Old Testament</subfield>
      <subfield code="2">fast</subfield>
    </datafield>
    <datafield tag="655" ind1=" " ind2="7">
      <subfield code="a">Commentaries</subfield>
      <subfield code="2">fast</subfield>
    </datafield>
    <datafield tag="655" ind1=" " ind2="7">
      <subfield code="a">Early works</subfield>
      <subfield code="2">fast</subfield>
    </datafield>
    <datafield tag="655" ind1=" " ind2="7">
      <subfield code="a">Commentaries.</subfield>
      <subfield code="2">lcgft</subfield>
    </datafield>
    <datafield tag="700" ind1="1" ind2=" ">
      <subfield code="6">880-06</subfield>
      <subfield code="a">Bomberg, Daniel,</subfield>
      <subfield code="d">1483-1553?,</subfield>
      <subfield code="e">publisher.</subfield>
      <subfield code="1">https://id.oclc.org/worldcat/entity/E39PBJpYrYqf344HvKrq6yFYfq</subfield>
    </datafield>
    <datafield tag="700" ind1="1" ind2=" ">
      <subfield code="6">880-07</subfield>
      <subfield code="a">Adelkind, Israel Cornelius,</subfield>
      <subfield code="d">active 1519-1554,</subfield>
      <subfield code="e">printer.</subfield>
      <subfield code="1">https://id.oclc.org/worldcat/entity/E39PBJh8KK8bTCmKbKmxh8BwYP</subfield>
    </datafield>
    <datafield tag="700" ind1="1" ind2=" ">
      <subfield code="6">880-08</subfield>
      <subfield code="a">Adelkind, ben Barukh,</subfield>
      <subfield code="d">active 16th century,</subfield>
      <subfield code="e">printer.</subfield>
    </datafield>
    <datafield tag="700" ind1="1" ind2=" ">
      <subfield code="6">880-09</subfield>
      <subfield code="a">Adelkind,</subfield>
      <subfield code="c">ha-aḥim bene Barukh,</subfield>
      <subfield code="e">printer.</subfield>
    </datafield>
    <datafield tag="752" ind1=" " ind2=" ">
      <subfield code="a">Italy</subfield>
      <subfield code="d">Venice.</subfield>
    </datafield>
    <datafield tag="880" ind1="0" ind2=" ">
      <subfield code="6">130-01/(2/r</subfield>
      <subfield code="a">‏תנ״ך.‏.</subfield>
    </datafield>
    <datafield tag="880" ind1="1" ind2="0">
      <subfield code="6">245-02/(2/r</subfield>
      <subfield code="a">‏חמשה חומשי תורה :‏</subfield>
      <subfield code="b">‏[נביאים ראשונים, נביאים אחרונים, כתובים].</subfield>
    </datafield>
    <datafield tag="880" ind1=" " ind2=" ">
      <subfield code="6">250-03/(2/r</subfield>
      <subfield code="a">‏נדפס שנית.</subfield>
    </datafield>
    <datafield tag="880" ind1=" " ind2=" ">
      <subfield code="6">260-04/(2/r</subfield>
      <subfield code="a">‏ויניציאה :‏</subfield>
      <subfield code="b">‏דניאל בומבירגי, ‏</subfield>
      <subfield code="c">‏רפ״א [1521].</subfield>
    </datafield>
    <datafield tag="880" ind1="0" ind2="4">
      <subfield code="6">630-05/(2/r</subfield>
      <subfield code="a">‏תנ״ך.‏</subfield>
      <subfield code="v">‏פירושים.</subfield>
    </datafield>
    <datafield tag="880" ind1="1" ind2=" ">
      <subfield code="6">700-06/(2/r</subfield>
      <subfield code="a">‏בומבירגי, דניאל, ‏,</subfield>
      <subfield code="e">‏מו״ל.</subfield>
    </datafield>
    <datafield tag="880" ind1="1" ind2=" ">
      <subfield code="6">700-07/(2/r</subfield>
      <subfield code="a">‏אדיל קינד, קרניאל בר ברוך ‏,</subfield>
      <subfield code="e">‏מדפיס.</subfield>
    </datafield>
    <datafield tag="880" ind1="1" ind2=" ">
      <subfield code="6">700-08/(2/r</subfield>
      <subfield code="a">‏אדיל קינד, ‏</subfield>
      <subfield code="c">‏בן ברוך ‏,</subfield>
      <subfield code="e">‏מדפיס.</subfield>
    </datafield>
    <datafield tag="880" ind1="1" ind2=" ">
      <subfield code="6">700-09/(2/r</subfield>
      <subfield code="a">‏אדיל קינד, ‏</subfield>
      <subfield code="c">‏האחים בני ברוך, ‏,</subfield>
      <subfield code="e">‏מדפיס.</subfield>
    </datafield>
    <datafield tag="880" ind1=" " ind2=" ">
      <subfield code="6">758-00/(2/r</subfield>
      <subfield code="i">has work:</subfield>
      <subfield code="a">חמשה חומשי תורה (Text)</subfield>
      <subfield code="1">https://id.oclc.org/worldcat/entity/E39PCG3wXk3VMrwrmRxMcGT9rC</subfield>
      <subfield code="4">https://id.oclc.org/worldcat/ontology/hasWork</subfield>
    </datafield>
  </record>